[Event "SRB-chT2 East"]
[Site "Serbia"]
[Date "2017.10.07"]
[Round "10.5"]
[White "Stankovic, Darko"]
[Black "Petrovic, Tijana"]
[Result "0-1"]
[WhiteElo "1912"]
[BlackElo "1797"]
[PlyCount "98"]
[EventDate "2017.09.08"]
[EventType "team-tourn"]
[EventRounds "11"]
[EventCountry "SRB"]
[SourceTitle "EXT 2022"]
[Source "ChessBase"]
[SourceDate "2021.10.06"]
[SourceVersion "1"]
[SourceVersionDate "2021.10.06"]
[SourceQuality "1"]

1. d4 Nf6 2. Nf3 e6 3. e3 b6 4. b3 Bb7 5. Bb2 Be7 6. Be2 0-0 7. 0-0 c5 8. c4 d5 9. Nc3 Nbd7 10. Ne5 Qc7 11. f4 Ne4 12. Qc2 a6 13. Nxe4 dxe4 14. Rad1 Rad8 15. Rd2 f6 16. Ng4 cxd4 17. exd4 Bd6 18. g3 e5 19. fxe5 fxe5 20. Ne3 exd4 21. Bxd4 Ne5 22. Nf5 Bc5 23. Qc3 e3 24. Nxe3 Rxf1+ 25. Kxf1 Rf8+ 26. Kg1 Qf7 27. Nd5 Nc6 28. Bxc5 bxc5 29. Qe3 Nd4 30. Nf4 Re8 31. Qf2 Qf5 32. Nd5 Qe4 33. Bd1 Bxd5 34. cxd5 Rf8 35. Rxd4 cxd4 36. Qe2 Qxd5 37. Bc2 Qf3 38. Bd3 Qxe2 39. Bxe2 Rf6 40. g4 g5 41. Kg2 Kg7 42. Bd3 h6 43. Bf5 Rd6 44. Bd3 Kf6 45. h3 a5 46. Kg3 Rc6 47. Kf3 Ke5 48. Kg3 Rc3 49. Kf2 Kf4 0-1

[Event "SRB-chT CS U16-U20"]
[Site "Kraljevo"]
[Date "2017.02.10"]
[Round "2.6"]
[White "Bojicic, Andjela"]
[Black "Petrovic, Tijana"]
[Result "1-0"]
[WhiteElo "2171"]
[BlackElo "1774"]
[PlyCount "51"]
[EventDate "2017.02.09"]
[EventType "team-swiss"]
[EventRounds "7"]
[EventCountry "SRB"]
[SourceTitle "EXT 2021"]
[Source "ChessBase"]
[SourceDate "2020.10.23"]
[SourceVersion "1"]
[SourceVersionDate "2020.10.23"]
[SourceQuality "1"]

1. d4 Nf6 2. c4 e6 3. Nc3 Bb4 4. e3 b6 5. Nge2 0-0 6. Nf4 Bb7 7. Bd3 d5 8. 0-0 Nbd7 9. Qe2 c5 10. Rd1 Qe7 11. a3 Bxc3 12. bxc3 Rac8 13. a4 e5 14. Nxd5 Nxd5 15. cxd5 e4 16. Bc4 Nf6 17. Qa2 Rfd8 18. Ba3 Bxd5 19. Bxd5 Nxd5 20. Qd2 Rc6 21. a5 Qg5 22. dxc5 Rg6 23. g3 Rh6 24. c4 Qh5 25. f4 exf3 26. Qf2 1-0

[Event "SRB-chT (Women)"]
[Site "Kragujevac"]
[Date "2016.09.23"]
[Round "2.4"]
[White "Petrovic, Tijana"]
[Black "Benderac, Ana"]
[Result "0-1"]
[WhiteElo "1811"]
[BlackElo "2202"]
[PlyCount "72"]
[EventDate "2016.09.22"]
[EventType "team-tourn"]
[EventRounds "11"]
[EventCountry "SRB"]
[SourceTitle "CBM 174 Extra"]
[Source "ChessBase"]
[SourceDate "2016.10.10"]
[SourceVersion "1"]
[SourceVersionDate "2016.10.10"]
[SourceQuality "1"]
[WhiteTeam "Lestane (W)"]
[BlackTeam "Rudovci Radnicki (W)"]
[WhiteTeamCountry "SRB"]
[BlackTeamCountry "SRB"]

1. e4 c5 2. Nf3 e6 3. d4 cxd4 4. Nxd4 Nf6 5. Nc3 Bb4 6. Bd3 Nc6 7. Nb3 d5 8. exd5 Nxd5 9. Bd2 Nxc3 10. bxc3 Be7 11. 0-0 0-0 12. Qe2 a6 13. Rfd1 Qc7 14. Nd4 Bf6 15. Qe4 g6 16. Nxc6 bxc6 17. Rab1 Bd7 18. c4 Rfd8 19. c5 Be8 20. Rb6 a5 21. Bf4 e5 22. Be3 Bg7 23. Qc4 Kh8 24. Rdb1 Ra7 25. Bg5 f6 26. Bh4 Qe7 27. Be4 Rad7 28. Qe2 Rd2 29. Qf3 Qxc5 30. Rb7 Qd6 31. Bd3 g5 32. Bg3 Qd4 33. Rxg7 Kxg7 34. Rb7+ Rd7 35. Rb8 Rxd3 36. cxd3 Qa1+ 0-1

[Event "SRB-chT (Women)"]
[Site "Kragujevac"]
[Date "2016.09.22"]
[Round "1.2"]
[White "Zarkovic, Mila"]
[Black "Petrovic, Tijana"]
[Result "1/2-1/2"]
[WhiteElo "2178"]
[BlackElo "1811"]
[PlyCount "69"]
[EventDate "2016.09.22"]
[EventType "team-tourn"]
[EventRounds "11"]
[EventCountry "SRB"]
[SourceTitle "CBM 174 Extra"]
[Source "ChessBase"]
[SourceDate "2016.10.10"]
[SourceVersion "1"]
[SourceVersionDate "2016.10.10"]
[SourceQuality "1"]
[WhiteTeam "Rad (W)"]
[BlackTeam "Lestane (W)"]
[WhiteTeamCountry "SRB"]
[BlackTeamCountry "SRB"]

1. e4 c5 2. Nf3 d6 3. d4 cxd4 4. Nxd4 Nf6 5. Nc3 a6 6. h3 e6 7. g4 Be7 8. g5 Nfd7 9. h4 b5 10. a3 Bb7 11. Be3 Nb6 12. Qg4 N8d7 13. f4 d5 14. Nxe6 fxe6 15. Qxe6 Rc8 16. g6 hxg6 17. Qxg6+ Kf8 18. Bd4 Bf6 19. e5 Bxh4+ 20. Ke2 Rh6 21. Qf5+ Ke8 22. Bg2 Qe7 23. Rh3 Rc4 24. Rd1 Bf6 25. Rxh6 gxh6 26. Bxb6 Nxb6 27. Qxf6 Qxf6 28. exf6 Rxf4 29. Nxd5 Nxd5 30. Bxd5 Bxd5 31. Rxd5 Rxf6 32. a4 bxa4 33. Rd4 Rb6 34. Rxa4 Rxb2 35. Rxa6 1/2-1/2

[Event "SRB-ch U18 Girls"]
[Site "Kragujevac"]
[Date "2016.05.05"]
[Round "5"]
[White "Petrovic, Tijana"]
[Black "Stankovic, Zvezdana"]
[Result "0-1"]
[WhiteElo "1841"]
[BlackElo "1592"]
[PlyCount "110"]
[EventDate "2016.05.02"]
[EventType "tourn"]
[EventRounds "9"]
[EventCountry "SRB"]
[SourceTitle "CBM 172 Extra"]
[Source "ChessBase"]
[SourceDate "2016.06.21"]
[SourceVersion "1"]
[SourceVersionDate "2016.06.21"]
[SourceQuality "1"]

1. e4 e5 2. Nf3 Nc6 3. Bb5 a6 4. Ba4 Nf6 5. 0-0 Be7 6. Re1 b5 7. Bb3 0-0 8. c3 d6 9. h3 Nb8 10. d4 Nbd7 11. Be3 Bb7 12. dxe5 dxe5 13. Bd5 Nxd5 14. exd5 Nf6 15. Nxe5 Qxd5 16. Nf3 Qxd1 17. Rxd1 Rad8 18. Nbd2 c5 19. Nb3 Ne4 20. Ne1 c4 21. Nd4 Rd5 22. Nef3 Rfd8 23. Re1 Nc5 24. Re2 Bf6 25. Bf4 Nd3 26. Bg3 h6 27. a4 b4 28. a5 R8d7 29. Bh4 Bxh4 30. Nxh4 Re5 31. Rxe5 Nxe5 32. Ra4 Nd3 33. Nhf3 Bxf3 34. Nxf3 Rb7 35. Nd2 Nxb2 36. Rxb4 Rxb4 37. cxb4 c3 38. Nb3 Nc4 39. Kf1 Nd6 40. Ke2 Nb5 41. Kd3 Kf8 42. Nc5 Ke7 43. Nxa6 Kd6 44. Nc5 Kd5 45. Ne4 c2 46. Kxc2 Kxe4 47. Kb3 Kd4 48. a6 Kd5 49. Ka4 Kc6 50. Ka5 h5 51. h4 f6 52. g3 g6 53. f3 g5 54. f4 gxf4 55. gxf4 f5 0-1

[Event "SRB-chT3 East"]
[Site "Serbia"]
[Date "2015.10.18"]
[Round "11.64"]
[White "Petrovic, Tijana"]
[Black "Nikic, Dragan"]
[Result "1/2-1/2"]
[WhiteElo "1807"]
[BlackElo "1831"]
[PlyCount "29"]
[EventDate "2015.09.06"]
[EventType "team-tourn"]
[EventRounds "11"]
[EventCountry "SRB"]
[SourceTitle "EXT 2022"]
[Source "ChessBase"]
[SourceDate "2021.10.06"]
[SourceVersion "1"]
[SourceVersionDate "2021.10.06"]
[SourceQuality "1"]

1. Nf3 c5 2. c4 Nf6 3. Nc3 e6 4. d4 cxd4 5. Nxd4 a6 6. e4 d6 7. Be2 Qc7 8. 0-0 Be7 9. Be3 Nbd7 10. Qd2 b6 11. Rfd1 Bb7 12. f3 Rc8 13. b3 0-0 14. Rac1 Rfd8 15. Bf1 1/2-1/2

[Event "SRB-chT2 East"]
[Site "Vrnjacka Banja"]
[Date "2015.10.11"]
[Round "11.47"]
[White "Kostic, Aleksandar"]
[Black "Petrovic, Tijana"]
[Result "0-1"]
[WhiteElo "1964"]
[BlackElo "1769"]
[PlyCount "62"]
[EventDate "2015.08.28"]
[EventType "team-tourn"]
[EventRounds "11"]
[EventCountry "SRB"]
[SourceTitle "EXT 2022"]
[Source "ChessBase"]
[SourceDate "2021.10.06"]
[SourceVersion "1"]
[SourceVersionDate "2021.10.06"]
[SourceQuality "1"]

1. e4 c5 2. Nc3 d6 3. g3 g6 4. Bg2 Bg7 5. d3 Nc6 6. Be3 e6 7. Nge2 Nd4 8. 0-0 Ne7 9. Qd2 0-0 10. f4 Rb8 11. g4 b5 12. Ng3 b4 13. Nd1 f5 14. gxf5 exf5 15. c3 Ne6 16. exf5 Nxf5 17. Nxf5 gxf5 18. Bd5 Rf6 19. d4 Rg6+ 20. Kh1 Qe7 21. dxc5 dxc5 22. cxb4 cxb4 23. Rc1 Bb7 24. Bc5 Qd7 25. Ne3 Rd8 26. Rfd1 Kh8 27. Bxb4 Bd4 28. Bxb7 Qxb7+ 29. Ng2 Rdg8 30. Bc3 Rxg2 31. Bxd4+ R2g7+ 0-1

[Event "SRB-chT2 East"]
[Site "Vrnjacka Banja"]
[Date "2015.08.30"]
[Round "4.4"]
[White "Petrovic, Tijana"]
[Black "Kuzmanovic, Aleksa"]
[Result "1-0"]
[WhiteElo "1769"]
[BlackElo "2059"]
[PlyCount "77"]
[EventDate "2015.08.28"]
[EventType "team-tourn"]
[EventRounds "11"]
[EventCountry "SRB"]
[SourceTitle "EXT 2022"]
[Source "ChessBase"]
[SourceDate "2021.10.06"]
[SourceVersion "1"]
[SourceVersionDate "2021.10.06"]
[SourceQuality "1"]

1. Nf3 Nf6 2. c4 g6 3. Nc3 d5 4. d4 Bg7 5. e3 0-0 6. Be2 dxc4 7. Bxc4 c5 8. 0-0 a6 9. a4 Nc6 10. Be2 Bg4 11. d5 Na5 12. e4 Qc7 13. Nd2 Bd7 14. f4 e5 15. Nf3 exf4 16. d6 Qb6 17. e5 Ng4 18. Nd5 Qb3 19. Bxf4 Rae8 20. Ne7+ Kh8 21. Qc1 Qb4 22. Bd1 Nxe5 23. Bxe5 Bxe5 24. Rb1 Bxd6 25. Nd5 Qc4 26. Qg5 f5 27. Nb6 Qf7 28. Qd2 Re6 29. Qxa5 Bc7 30. Qc3+ Rf6 31. Nxd7 Qxd7 32. Bb3 b5 33. axb5 axb5 34. Rbd1 Qc6 35. Bd5 Qb6 36. Kh1 b4 37. Qc4 Rd8 38. Ng5 Kg7 39. Ne6+ 1-0

[Event "SRB-ch U20 Girls"]
[Site "Knic"]
[Date "2015.08.16"]
[Round "8"]
[White "Petrovic, Tijana"]
[Black "Gajcin, Jasmina"]
[Result "1-0"]
[WhiteElo "1769"]
[BlackElo "1870"]
[PlyCount "91"]
[EventDate "2015.08.11"]
[EventType "tourn"]
[EventRounds "9"]
[EventCountry "SRB"]
[SourceTitle "EXT 2016"]
[Source "ChessBase"]
[SourceDate "2015.10.08"]
[SourceVersion "1"]
[SourceVersionDate "2015.10.08"]
[SourceQuality "1"]

1. Nf3 Nf6 2. c4 g6 3. Nc3 Bg7 4. e4 c5 5. d4 cxd4 6. Nxd4 Nc6 7. Be3 0-0 8. Be2 d6 9. 0-0 Bd7 10. Re1 Nxd4 11. Bxd4 Bc6 12. Bd3 Nd7 13. Bxg7 Kxg7 14. Re3 Ne5 15. Rc1 Qb6 16. b3 a5 17. Be2 f5 18. Nd5 Bxd5 19. Qxd5 Rac8 20. Qe6 Nc6 21. exf5 Rce8 22. fxg6 hxg6 23. Bd3 Rf6 24. Qe4 Ref8 25. c5 dxc5 26. Rg3 Nb4 27. Qxe7+ R8f7 28. Qe5 Nxd3 29. Rxd3 c4 30. Rf3 cxb3 31. axb3 Qe6 32. Qc3 Re7 33. h3 Kf7 34. Rxf6+ Qxf6 35. Qxa5 Qf4 36. Rc4 Qd6 37. Qa1 Re2 38. Qc1 g5 39. Rc7+ Kg6 40. Rxb7 Qe6 41. Qc3 Re1+ 42. Kh2 Qd6+ 43. g3 Re2 44. Qg7+ Kf5 45. Rf7+ Ke4 46. Re7+ 1-0

[Event "SRB-ch U20 Girls"]
[Site "Knic"]
[Date "2015.08.15"]
[Round "7"]
[White "Gajcin, Marina"]
[Black "Petrovic, Tijana"]
[Result "1-0"]
[WhiteElo "2149"]
[BlackElo "1769"]
[PlyCount "45"]
[EventDate "2015.08.11"]
[EventType "tourn"]
[EventRounds "9"]
[EventCountry "SRB"]
[SourceTitle "EXT 2016"]
[Source "ChessBase"]
[SourceDate "2015.10.08"]
[SourceVersion "1"]
[SourceVersionDate "2015.10.08"]
[SourceQuality "1"]

1. e4 c5 2. Nf3 e6 3. c3 Nf6 4. e5 Nd5 5. d4 cxd4 6. Qxd4 Nc6 7. Qe4 d6 8. Bb5 Bd7 9. c4 Nb6 10. exd6 Bxd6 11. 0-0 a6 12. Rd1 Qc7 13. Nc3 0-0 14. Be3 f5 15. Qd3 Nc8 16. c5 axb5 17. Nxb5 Qa5 18. Nxd6 Nb4 19. Qc4 Nd5 20. Rxd5 exd5 21. Qxd5+ Kh8 22. Nf7+ Kg8 23. Nh6+ 1-0

[Event "SRB-ch (Women)"]
[Site "Vrbas"]
[Date "2015.04.21"]
[Round "4"]
[White "Petrovic, Tijana"]
[Black "Stojanovic, Andjelija"]
[Result "0-1"]
[WhiteElo "1831"]
[BlackElo "2286"]
[PlyCount "80"]
[EventDate "2015.04.18"]
[EventType "tourn"]
[EventRounds "9"]
[EventCountry "SRB"]
[SourceTitle "CBM 166 Extra"]
[Source "ChessBase"]
[SourceDate "2015.06.18"]
[SourceVersion "1"]
[SourceVersionDate "2015.06.18"]
[SourceQuality "1"]

1. Nf3 c5 2. c4 Nc6 3. d4 cxd4 4. Nxd4 Nf6 5. Nc3 g6 6. e4 d6 7. Be2 Nxd4 8. Qxd4 Bg7 9. Be3 0-0 10. Qd2 Be6 11. 0-0 Qa5 12. Rac1 Rfc8 13. b3 Qd8 14. f3 h5 15. Qe1 Qa5 16. Qf2 Bd7 17. Rfd1 Bc6 18. Bf1 Kh7 19. Qd2 Nd7 20. Rc2 Qd8 21. Qf2 b6 22. Rdc1 Qh8 23. Nd5 Bxd5 24. cxd5 Rxc2 25. Rxc2 Rc8 26. Rc6 Ne5 27. Rxc8 Qxc8 28. h3 Qc3 29. Qd2 Qa1 30. f4 Nd7 31. Qe2 Bd4 32. Bxd4 Qxd4+ 33. Kh2 Nf6 34. Qd3 Qxe4 35. Qxe4 Nxe4 36. Bc4 h4 37. Kg1 Kg7 38. a3 Kf6 39. Bd3 Kf5 40. Kf1 Kxf4 0-1